Lehrbuch der politischen Arithmetik

Na minha lista:
Detalhes bibliográficos
Formato: Livro
Idioma:alemão
Publicado em: Wien Deuticke 1906
Tags: Adicionar Tag
Sem tags, seja o primeiro a adicionar uma tag!

MARC

LEADER 00000nam a2200000 4500
001 0303393
005 20240807083913.2
041 0 |a ger 
044 |a AT 
245 1 0 |a Lehrbuch der politischen Arithmetik  |c Vinzenz Bronzin 
264 1 |a Wien  |b Deuticke  |c 1906